000 00401nam a2200181Ia 4500
001 15743
005 20260306170218.0
008 260306t2006||||xx |||||||||||||| ||und||
041 _aESP
082 _a604.2
_bJ39
100 _aJensen, Cecil
_eAUT
245 0 _aDibujo y diseƱo en ingenieria
260 _c2006
300 _a
_c
650 _aGEN
654 _aCAU
942 _cLIB
_dJUS
_fJUS
_2ddc
_n
999 _c15743
_d15743